| 000 | 01740nam0a22003371 4500 | ||
|---|---|---|---|
| 001 | rc\4040016 | ||
| 005 | 20260406113847.0 | ||
| 021 |
_aRU _b[48-30075] |
||
| 035 | _a(NLR Aleph) 008098556 | ||
| 090 |
_a9229233 _c9229233 |
||
| 100 | _a20130415d1948 |||y0rusy50 ca | ||
| 101 | 0 | _arus | |
| 102 | _aRU | ||
| 105 | _ay z ||||| | ||
| 200 | 1 |
_a30 лет Ленинского комсомола _eРепертуарный сборник _e(В помощь коллективам худож. самодеятельности) _fСост. И. Зайцев _g[Предисл. В. Синицына, с. 3-4 _g[Челяб. обл. ком. ВЛКСМ. Челяб. обл. дом нар. творчества |
|
| 210 |
_aЧелябинск] _cЧелябгиз _d1948 _g10-я тип. треста "Полиграфкнига" |
||
| 215 |
_a140 с. _cзаставки _d20 |
||
| 300 | _aНа обл. сост. не указан | ||
| 601 | 0 | 2 |
_aВЛКСМ _xГодовщины _z1948 _jМатериалы для художественной самодеятельности _2psbo |
| 606 |
_aЭстрада _xРепертуар _2psbo |
||
| 606 |
_aКомсомольцы (х. л.) _2psbo |
||
| 606 |
_aХудожественная самодеятельность _xРепертуар _2psbo |
||
| 700 | 1 |
_4220 _aЗайцев _bИ. С. _cфольклорист _f1907-1988 _gИван Селиверстович _9224760 _3RU\NLR\AUTH\770224816 |
|
| 702 | 1 |
_aСиницын _bВ. _4080 |
|
| 712 | 0 | 2 |
_aЧелябинский областной дом народного творчества _9292359 _3RU\NLR\AUTH\889919 |
| 801 | 0 |
_aRU _bNLR _gpsbo |
|
| 801 | 1 |
_aRU _bELAR _2rusmarc |
|
| 852 |
_aNLR _jЛ30 Г-3/1175 |
||
| 942 | _cBOOK | ||
| 980 | _aNB | ||